| 000 | 00734nam a22002537a 4500 | ||
|---|---|---|---|
| 001 | 00782 | ||
| 003 | DO-SdBNP | ||
| 005 | 20220930113223.0 | ||
| 007 | 00782 | ||
| 008 | 160720b 2007 cl ||||| |||| 00| 0 spa d | ||
| 020 | _a9789587045901 | ||
| 040 |
_aBPMSU _bspa _cBPMSU |
||
| 082 | 4 |
_a823.914 _bH127p 2007 _222 |
|
| 100 | 1 |
_aHaddon, Mark _d1962- |
|
| 245 | 1 | 3 |
_aUn pequeño inconveniente / _cMark Haddon ; traducción de Patricia Antón. |
| 260 | 0 |
_aBogotá : _bAlfaguara, _c2007 |
|
| 300 |
_a484 p. ; _c24 cm. |
||
| 590 | _6Inventariado, 2022/VM | ||
| 650 | 4 | _aNovela inglesa | |
| 650 | 4 | _aLiteratura inglesa | |
| 700 | 1 |
_aAntón, Patricia _etrad. |
|
| 910 | _aVMateo V./Validado. Control de calidad MFF | ||
| 942 |
_2ddc _cBK |
||
| 999 |
_c10963 _d10963 |
||